00356nam a2200145Ia 4500008004100000020001800041041000800059082001800067100001500085245004600100260002500146300000800171365001600179700001500195230718s9999 xx 000 0 und d a9789387693449 aeng a355.0954bSAK aSaksena R. aShe Goes To WarbWomen Militants Of India c2018bSpeaking Tiger a205 cRs.b499.00 aSaksena R.